Gibraltar (Record no. 40668)

MARC details
000 -LEADER
campo de control de longitud fija 00597nam a2200181 i 4500
001 - NÚMERO DE CONTROL
campo de control 40668
003 - IDENTIFICADOR DE NÚMERO DE CONTROL
campo de control ES-MaACL
005 - FECHA Y HORA DE LA ÚLTIMA TRANSACCIÓN
campo de control 20231229063006.0
007 - CAMPO FIJO DE DESCRIPCIÓN FÍSICA--INFORMACIÓN GENERAL
campo de control de longitud fija t|
008 - DATOS DE LONGITUD FIJA--INFORMACIÓN GENERAL
campo de control de longitud fija 030306s1952 sp ||||1| spa d
100 1# - ENTRADA PRINCIPAL--NOMBRE DE PERSONA
Nombre de persona Carrero Blanco, Luis,
Fechas asociadas al nombre 1904-1973
9 (RLIN) 35700
245 10 - MENCIÓN DEL TÍTULO
Título Gibraltar
Resto del título : comentarios de un españo l(sexta serie) /
Mención de responsabilidad, etc. por Juan de la Cosa [seud.].
260 ## - PUBLICACIÓN, DISTRIBUCIÓN, ETC.
Lugar de publicación, distribución, etc. Valencia :
Nombre del editor, distribuidor, etc. [s.n.],
Fecha de publicación, distribución, etc. 1952 (
Fabricante Semana Gráfica)
300 ## - DESCRIPCIÓN FÍSICA
Extensión 191 p. ;
Dimensiones 21 cm.
651 ## - PUNTO DE ACCESO ADICIONAL DE MATERIA--NOMBRE GEOGRÁFICO
Nombre geográfico España-
Subdivisión general Política exterior-
Subdivisión cronológica 1939-1975.
9 (RLIN) 8425
852 ## - LOCALIZACIÓN
Ubicación ES-MaACL
Número de control de estantería D-8218
Sublocalización o colección R.32728
Holdings
Estatus retirado Estado de pérdida Estado de daño No para préstamo Biblioteca de origen Biblioteca actual Ubicación en estantería Fecha de adquisición Fuente de adquisición Total de préstamos Signatura topográfica completa Código de barras Visto por última vez Precio de reemplazo Tipo de ítem Koha
        Biblioteca del Ateneo de Madrid Biblioteca del Ateneo de Madrid Sala Valle Inclán 17/01/2008     D-8218 901042816 23/02/2023 23/02/2023 Libro impreso